000 00622nam a22002057a 4500
999 _c33712
_d33712
003 OSt
005 20220802101842.0
008 190502b xxu||||| |||| 00| 0 spa d
020 _a978-987-629-652-6
040 _cBiblioteca Ernesto Sábato
092 _a303.483
_bV245
_eMAESTRIA
100 _aVan Dijck, José
245 _aLa cultura de la conectividad : una historia crítica de las redes sociales
260 _aBuenos Aires
_bSiglo veintiuno
_c2016
300 _a301 p
440 _aSociología y política
_p Rumbos teóricos
650 _aCOMUNICACION
650 _aNUEVAS TECNOLOGIAS
942 _2ddc
_cMAESTRIA